000 00612nam a22002297a 4500
001 12800
003 BD-RjUL
005 20211208235346.0
008 140129s1969 n bd||| |||| 001 0 eng d
035 _a(BD-RjUL)12850
040 _aBD-RjUL
_beng
_cBD-RjUL
041 _aeng
082 0 4 _a581.2
_bWAP 1969
100 1 _aWalker,John Charles
_939889
245 0 _aPlant Pathology /
_cJohn Charles Walker
250 _a3rd Ed
260 _aNew York :
_bMcGraw-Hill,
_cc1969
300 _axi, 819p. :
_bill. ;
_c21cm.
504 _aIncludes Index
650 0 _a Plant diseases.
_939890
942 _2ddc
_cBK
999 _c12800
_d12800